000
00340 a2200157 4500
001
48360
020
_a
8573190205
040
_c
Anchieta - Bela Vista
100
_a
WATANABE, Lucy
240
1
0
_a
Ponto final feliz
_l
por
245
1
0
_a
Ponto final feliz
300
_a
28 p.
362
0
_a
1992
650
4
_a
Literatura infantil
942
_c
BK
999
_c
48360
_d
48360